<?xml version="1.0" encoding="UTF-8"?>
<marc:record xmlns:marc="http://www.loc.gov/MARC21/slim">
   <marc:leader>00000nam a2200000 a 4500</marc:leader>
   <marc:datafield ind1="1" ind2=" " tag="100">
      <marc:subfield code="a">Stine, R. L.</marc:subfield>
      <marc:subfield code="4">aut</marc:subfield>
      <marc:subfield code="e">Verfasser/-in</marc:subfield>
   </marc:datafield>
   <marc:datafield ind1="0" ind2="0" tag="245">
      <marc:subfield code="a">Fear Street</marc:subfield>
   </marc:datafield>
   <marc:datafield ind1="0" ind2="0" tag="245">
      <marc:subfield code="b">die Rache</marc:subfield>
   </marc:datafield>
   <marc:datafield ind1="0" ind2="0" tag="245">
      <marc:subfield code="c">R. L. Stine ; aus dem Amerikanischen übersetzt von Eva Hierteis und Sabine Tandetzke</marc:subfield>
   </marc:datafield>
   <marc:datafield ind1=" " ind2="1" tag="264">
      <marc:subfield code="a">Bindlach</marc:subfield>
      <marc:subfield code="b">Loewe</marc:subfield>
      <marc:subfield code="c">2022</marc:subfield>
   </marc:datafield>
   <marc:datafield ind1="1" ind2=" " tag="490">
      <marc:subfield code="a">Fear street</marc:subfield>
   </marc:datafield>
   <marc:datafield ind1="1" ind2=" " tag="520">
      <marc:subfield code="a">Quelle: bn.bibliotheksnachrichten (http://www.biblio.at/literatur/bn/index.html); #Autor: Sabrina Koroschetz / PH Kärnten; #Ein fesselnder Fear-Street Doppelband mit unerwarteten Wendungen und garantiertem Gruselfaktor. (ab 12) (JE)#Melissas Aufmerksamkeit wird durch eine Reihe von Ereignissen auf einen ungewöhnlichen Gast in ihrer Nähe gelenkt  einen Jungen, den nur sie sehen kann. Dieser Unbekannte ist jemand, der aufgrund ihrer Handlungen gestorben ist und nun Rache an ihr nehmen möchte. Obwohl sie kaum glauben kann, dass sie für seinen Tod verantwortlich ist, versucht Melissa herauszufinden, was geschehen ist. Dabei erkennt sie, dass sie nicht in der Vergangenheit, sondern in der Zukunft nach Antworten suchen muss, um ihrem Feind, der bald auch ein Freund wird, zu helfen.#In der zweiten Geschichte geht es um Terry und Niki, die zu den ausgewählten Gästen für Justines Halloweenparty, die in einem Geisterhaus stattfindet, zählen. Dort erleben sie zahlreiche Schreckensmomente und fürchterliche Spiele. Sie müssen herausfinden, warum sie zur Party eingeladen wurden und welche Pläne Justine mit ihnen hat. Doch die Antworten auf diese Fragen liegt jenseits ihrer Vorstellung.#Dieser packende Horror-Doppelband eignet sich gut für Leser*innen ab 12 Jahren. Die Sprache ist leicht verständlich, und der Inhalt ist gut nachvollziehbar. Bei Gruselfans kommt während der Lektüre bestimmt keine Langeweile auf, weshalb eine klare Leseempfehlung ausgesprochen werden kann.</marc:subfield>
   </marc:datafield>
   <marc:datafield ind1=" " ind2=" " tag="020">
      <marc:subfield code="a">9783743215009</marc:subfield>
      <marc:subfield code="9">9783743215009</marc:subfield>
   </marc:datafield>
   <marc:datafield ind1=" " ind2=" " tag="041">
      <marc:subfield code="a">ger</marc:subfield>
   </marc:datafield>
   <marc:datafield ind1=" " ind2=" " tag="300">
      <marc:subfield code="a">366 Seiten</marc:subfield>
   </marc:datafield>
</marc:record>
